000 00330nam a22001457a 4500
008 230116b ||||| |||| 00| 0 eng d
020 _a9780271009278
041 _aeng
080 _a94
082 _a94MAR
100 _a30.1
101 _aHISTO
245 _aRECONSIDERING THE DEMOCRATIC PUBLIC
_cMARCUS E G
942 _2udc
_cBK
999 _c59233
_d59233